Formula 1: Drivers Who Beat Them - Lewis Hamilton - Statistics

General Stats
  • This quiz has been taken 77 times
  • The average score is 13 of 14
Answer Stats
Beat them in Answer Nationality Teams % Correct
2022, 2024 Carlos Sainz Spain Ferrari
100%
2022, 2024-2025 Charles Leclerc Monaco Ferrari
100%
2010-2013 Fernando Alonso Spain Ferrari
100%
2024-2025 Lando Norris UK McLaren
100%
2021-2025 Max Verstappen Netherlands Red Bull
100%
2024-2025 Oscar Piastri Australia McLaren
100%
2016 Nico Rosberg Germany Mercedes
98%
2009-2013 Sebastian Vettel Germany Red Bull
98%
2022-2023 Sergio Pérez Mexico Red Bull
98%
2022, 2024-2025 George Russell UK Mercedes
95%
2007, 2012 Kimi Räikkönen Finland Ferrari, Lotus
95%
2009, 2011 Jenson Button UK Brawn, McLaren
94%
2010-2011, 2013 Mark Webber Australia Red Bull
89%
2009 Rubens Barrichello Brazil Brawn
68%
No matching quizzes found
Score Distribution
Percent of People with Each Score
Percentile by Number Answered
Your Score History
You have not taken this quiz